Teoría general del derecho / (Registro nro. 10451)

000 -CABECERA
campo de control de longitud fija 00674nam a2200241 a 4500
001 - NÚMERO DE CONTROL
campo de control 000082043
005 - FECHA Y HORA DE LA ÚLTIMA TRANSACCIÓN
campo de control 20200120224652.0
008 - DATOS DE LONGITUD FIJA--INFORMACIÓN GENERAL
campo de control de longitud fija 161129s2016 ck ||||gr|||| 001 ||spa d
020 ## - NÚMERO INTERNACIONAL ESTÁNDAR DEL LIBRO
Número Internacional Estándar del Libro 9789583510946
041 0# - CÓDIGO DE LENGUA
Código de lengua del texto/banda sonora o título independiente -¿spa
043 ## - CÓDIGO DE ÁREA GEOGRÁFICA
Código de área geográfica s-ck---
082 04 - NÚMERO DE LA CLASIFICACIÓN DECIMAL DEWEY
Número de clasificación 340.1
Número de documento/Ítem B61
Número de edición 21
100 1# - ENTRADA PRINCIPAL--NOMBRE DE PERSONA
Nombre de persona Bobbio, Norberto.
245 10 - MENCIÓN DE TÍTULO
Título Teoría general del derecho /
Mención de responsabilidad, etc. Norberto Bobbio.
250 ## - MENCIÓN DE EDICIÓN
Mención de edición 5a. ed.
260 ## - PUBLICACIÓN, DISTRIBUCIÓN, ETC.
Lugar de publicación, distribución, etc. Bogotá :
Nombre del editor, distribuidor, etc. Editorial Temis,
Fecha de publicación, distribución, etc. 2016.
300 ## - DESCRIPCIÓN FÍSICA
Extensión 284 páginas.
500 ## - NOTA GENERAL
Nota general Incluye índice
650 17 - PUNTO DE ACCESO ADICIONAL DE MATERIA--TÉRMINO DE MATERIA
Término de materia o nombre geográfico como elemento de entrada Teoría del derecho
Subdivisión de forma LEMB
650 27 - PUNTO DE ACCESO ADICIONAL DE MATERIA--TÉRMINO DE MATERIA
Término de materia o nombre geográfico como elemento de entrada Positivismo jurídico
Subdivisión de forma LEMB
650 27 - PUNTO DE ACCESO ADICIONAL DE MATERIA--TÉRMINO DE MATERIA
Término de materia o nombre geográfico como elemento de entrada Prescripción
Subdivisión general (Derecho)
Subdivisión de forma LEMB
650 24 - PUNTO DE ACCESO ADICIONAL DE MATERIA--TÉRMINO DE MATERIA
Término de materia o nombre geográfico como elemento de entrada Ordenamiento jurídico
Existencias
Estado de retiro Estado de pérdida Fuente del sistema de clasificación o colocación Estado dañado No para préstamo Código de colección Localización permanente Ubicación/localización actual Fecha de adquisición Número de inventario Total de préstamos Signatura topográfica completa Código de barras Fecha visto por última vez Número de copia Precio válido a partir de Tipo de ítem Koha Nota pública
          Colección General Biblioteca Pública San Juan Bosco Biblioteca Pública San Juan Bosco 20/01/2020 105198   340.1 B61 MOS017211 | MS 20/01/2020 ej.1 20/01/2020 Libro Ocho días

© Todos los derechos reservados para la Biblioteca Pública Municipal San Juan Bosco, 2020
Secretaria de Cultura de Mosquera
Carrera 3 N° 10 Esquina Centro Cultural Barrio El Carmén Teléfono: 8270830 Ext: 34
Funcionando con KOHA
Contacto: Biblioteca Pública Municipal San Juan Bosco/ bibliotecasanjuanbosco@mosquera-cundinamarca.gov.co
Mosquera, Cundinamarca